Artis medica principes (Record no. 26416)

MARC details
000 -LEADER
campo de control de longitud fija 01746nam a2200277 i 4500
001 - NÚMERO DE CONTROL
campo de control 26416
003 - IDENTIFICADOR DE NÚMERO DE CONTROL
campo de control ES-MaACL
005 - FECHA Y HORA DE LA ÚLTIMA TRANSACCIÓN
campo de control 20250928115754.0
007 - CAMPO FIJO DE DESCRIPCIÓN FÍSICA--INFORMACIÓN GENERAL
campo de control de longitud fija t|
008 - DATOS DE LONGITUD FIJA--INFORMACIÓN GENERAL
campo de control de longitud fija 030109m17691974fr ||||1| lat d
245 00 - MENCIÓN DEL TÍTULO
Título Artis medica principes
Resto del título : Hippocrates, Aretaeus, Alexander, Aurelianus, Celsus, Rhazis|crecensuit, praefatus est Albertus de Haller ... ; tomus I [- XI].
260 ## - PUBLICACIÓN, DISTRIBUCIÓN, ETC.
Lugar de publicación, distribución, etc. Lausanne :
Nombre del editor, distribuidor, etc. Grasset-Pott,
Fecha de publicación, distribución, etc. 1769-74.
300 ## - DESCRIPCIÓN FÍSICA
Extensión 11 v. (XI, [1], [2] en bl., 498 p. ; [6], [2] en bl., 478 p. ; [6], 450 p. ; XII, 418 p. ; LXXXVI, [1] h. en bl., 291, [21] p. ; LXIV, 430, [1] p., [1] en bl. ; [2] h., 419 p., [1] en bl. ; XXIV, 360 p. ; [2] h., 251 p., [1] en bl. ; XLIV, 307 p., [1] en bl. ; VIII, 470 p.) ;
Dimensiones 20 cm.
500 ## - NOTA GENERAL
Nota general Los textos de Hipócrates ocupan los v. 1-4; los de Alexandre de Tralles (traducidos por Johann Winter) en los v. 6-7; los textos de Rhazis en v. 7-9; y los de Aurelianus, en v. 9-11.
597 ## - NOTA DE DESCRIPCIÓN FÍSICA
NOTA DE DESCRIPCIÓN FÍSICA Sign.: *8-¹, A-Z8, 2A-2G8, 2I²-¹ ; [ ]4, A-Z8, 2A-2G8-¹ ; [ ]4-¹, A-Z8, Aa-Ee8, Ff²-¹ ; *6, A-Z8, 2A-2C8, 2D²-¹ ; a-e8, f4, A-T8, V4 ; a-d8, A-Z8, Aa-Dd8 ; [ ]², A-Z8, 2A-2C8, 2D² ; a8, b4, A-Y8, Z4 ; [ ]², A-P8, Q6 ; a-b8, c6, A-T8, V² ; [ ]4, A-Z8, 2A-2F8, 2G4-¹.
597 ## - NOTA DE DESCRIPCIÓN FÍSICA
NOTA DE DESCRIPCIÓN FÍSICA Anteportadas en cada volumen.
650 04 - PUNTO DE ACCESO ADICIONAL DE MATERIA--TÉRMINO DE MATERIA
Término de materia o nombre geográfico como elemento de entrada Medicina-
Subdivisión de forma Obras anteriores a 1800
9 (RLIN) 14912
650 07 - PUNTO DE ACCESO ADICIONAL DE MATERIA--TÉRMINO DE MATERIA
Término de materia o nombre geográfico como elemento de entrada Medicina griega y romana
Fuente del encabezamiento o término embne
9 (RLIN) 14924
700 1# - ENTRADA AGREGADA--NOMBRE PERSONAL
Nombre de persona Haller, Albrecht von,
Fechas asociadas al nombre 1708-1777
9 (RLIN) 61591
700 0# - ENTRADA AGREGADA--NOMBRE PERSONAL
Nombre de persona Hipócrates.
9 (RLIN) 63793
700 1# - ENTRADA AGREGADA--NOMBRE PERSONAL
Nombre de persona Alexandre de Tralles,
Fechas asociadas al nombre 525-605
9 (RLIN) 157824
700 1# - ENTRADA AGREGADA--NOMBRE PERSONAL
Nombre de persona Razi, Muhammad ibn Zakariya Abu Bakr al-
9 (RLIN) 157825
700 0# - ENTRADA AGREGADA--NOMBRE PERSONAL
Nombre de persona Celso.
9 (RLIN) 37383
852 ## - LOCALIZACIÓN
Ubicación ES-MaACL
Número de control de estantería R-941-51
Nota libre .- Ex libris de Mateo Seoane
Encuadernación Olim: G-9607-17
Holdings
Estatus retirado Estado de pérdida Estado de daño No para préstamo Colección Biblioteca de origen Biblioteca actual Ubicación en estantería Fecha de adquisición Fuente de adquisición Total de préstamos Signatura topográfica completa Código de barras Visto por última vez Precio de reemplazo Tipo de ítem Koha
        Libros del s. XVIII Biblioteca del Ateneo de Madrid Biblioteca del Ateneo de Madrid Depósito 17/01/2008     R-941-51 1027265 23/02/2023 23/02/2023 Libro impreso antiguo